Estado de origen y aplicación de fondos (Registro nro. 1225)
[ vista simple ]
| 000 -LEADER | |
|---|---|
| fixed length control field | 01102 a2200217 4500 |
| 001 - CONTROL NUMBER | |
| control field | 24792 |
| 005 - DATE AND TIME OF LATEST TRANSACTION | |
| control field | 20260407155530.0 |
| 008 - FIXED-LENGTH DATA ELEMENTS--GENERAL INFORMATION | |
| fixed length control field | 260407a2000 arg spa d |
| 003 - CONTROL NUMBER IDENTIFIER | |
| control field | AR-UNSa-BCEJYS |
| 040 ## - CATALOGING SOURCE | |
| Original cataloging agency | AR-UNSa-BCEJYS |
| Language of cataloging | spa |
| Transcribing agency | AR-UNSa-BCEJYS |
| 080 ## - UNIVERSAL DECIMAL CLASSIFICATION NUMBER | |
| Universal Decimal Classification number | 657.31 |
| Common auxiliary subdivision | Presupuestos. Previsiones. Planes financieros. Estado de flujo de efectivo |
| 020 ## - INTERNATIONAL STANDARD BOOK NUMBER | |
| International Standard Book Number | 987-98311-0-1 |
| 100 1# - MAIN ENTRY--PERSONAL NAME | |
| Personal name | Senderovich, Pablo David |
| 245 10 - TITLE STATEMENT | |
| Title | Estado de origen y aplicación de fondos |
| Name of part/section of a work | Estado de flujo de caja. Fundamentos conceptuales, metodológicos y de aplicación |
| 264 #1 - PRODUCTION, PUBLICATION, DISTRIBUTION, MANUFACTURE, AND COPYRIGHT NOTICE | |
| Place of production, publication, distribution, manufacture | Buenos Aires : |
| Name of producer, publisher, distributor, manufacturer | Formación y Capacitación en Ciencias Económicas (FOCACE) |
| Date of production, publication, distribution, manufacture, or copyright notice | 2000 |
| 300 ## - PHYSICAL DESCRIPTION | |
| Extent | 428 p. |
| Dimensions | 23 cm. |
| 505 ## - FORMATTED CONTENTS NOTE | |
| Formatted contents note | 1. Aspectos introductorios - 2. Metodología general - 3. Orígenes de fondos - 4. Aplicaciones de fondos - 5. Gastos e ingresos que no significan aplicaciones u orígenes - 6. Caso práctico resumen. |
| 590 ## - LOCAL NOTE (RLIN) | |
| Local note | niveau_biblio:m niveau_hierar:0 |
| 856 41 - ELECTRONIC LOCATION AND ACCESS | |
| Uniform Resource Identifier | <a href="https://biblioeco.unsa.edu.ar/pmb/images/libros/Estadi de Origen y Aplicacion de Fondos-l86632.jpg">https://biblioeco.unsa.edu.ar/pmb/images/libros/Estadi de Origen y Aplicacion de Fondos-l86632.jpg</a> |
| Link text | Imagen de portada |
| Electronic format type | image/jpeg |
| 942 ## - ADDED ENTRY ELEMENTS (KOHA) | |
| Koha item type | |
| Withdrawn status | Lost status | Damaged status | Not for loan | Home library | Current library | Shelving location | Date acquired | Total checkouts | Full call number | Barcode | Date last seen | Price effective from | Koha item type |
|---|---|---|---|---|---|---|---|---|---|---|---|---|---|
| Biblioteca Prof. Eusebio Cleto del Rey | Biblioteca Prof. Eusebio Cleto del Rey | 07/04/2026 | 657.31 S474e | L86632 | 07/04/2026 | 07/04/2026 | Libro |